000
00204nam a2200109Ia 4500
100
_a
#N/A
942
_c
BK
654
_a
postgre
245
_a
Practical Postgre
260
_b
#N/A
_c
2002
546
_a
ENGLISH
999
_c
31066
_d
31066